| 000 | 00507nam a2200181Ia 4500 | ||
|---|---|---|---|
| 005 | 20250423095009.0 | ||
| 008 | 250422s9999 xx 000 0 und d | ||
| 020 | _a1566191009 | ||
| 050 | _aPR 4552 .D53/ | ||
| 100 | _aDickens, Charles | ||
| 245 | 0 | _aDavid copperfield ; the old curiosity shop ; hard times | |
| 260 | _aNew York | ||
| 260 | _bBarnes & Noble Books | ||
| 260 | _c1993 | ||
| 300 | _a1078 p | ||
| 650 | _aGreat Britain --Social life and customs --19th century --Fiction. | ||
| 942 | _cBK | ||
| 999 |
_c28925 _d28925 |
||